LEADER 00888nam0-22003131i-450- 001 990003159630403321 010 $a88-204-3569-1 035 $a000315963 035 $aFED01000315963 035 $a(Aleph)000315963FED01 035 $a000315963 100 $a20000920d1989----km-y0itay50------ba 101 0 $aita 102 $aIT 200 1 $aPolitiche per i giovani$fricerca IRS di C.Ranci...[et al.]$ga cura di Costanzo Ranci 210 $aMilano$cFranco Angeli$d1989 215 $a195 p.$d22 cm 225 1 $aPolitiche sociali$fcollana a cura dell'IRS 676 $a15230 676 $a20200 702 1$aRanci,$bCostanzo 712 2$aIRS$9 801 0$aIT$bUNINA$gRICA$2UNIMARC 901 $aBK 912 $a990003159630403321 952 $a20200 IRS$b8481$fSES 959 $aSES 996 $aPolitiche per i giovani$9458572 997 $aUNINA LEADER 01023nam a2200265 i 4500 001 991001546709707536 005 20020502183756.0 008 961108s1993 it ||| | ita 035 $ab10866437-39ule_inst 035 $aLE02371328$9ExL 040 $aDip.to Studi Storici$bita 082 0 $a711 100 1 $aGregotti, Vittorio$07431 245 13$aLa cittą visibile :$bframmento di disegno della cittą ordinati e catalogati secondo i principi dell'architettura della modificazione contestuale /$cVittorio Gregotti 260 $aTorino :$bEinaudi,$c1993 300 $aXII, 202 p. :$bill. ;$c18 cm. 490 0 $aPiccola Biblioteca Einaudi ;$v595 650 4$aCittą - Architettura 650 4$aUrbanistica 907 $a.b10866437$b23-02-17$c28-06-02 912 $a991001546709707536 945 $aLE023 711 GRE 1 1$g1$i2023000033289$lle023$o-$pE0.00$q-$rn$so $t0$u0$v0$w0$x0$y.i10975184$z28-06-02 996 $aCittą visibile$9351021 997 $aUNISALENTO 998 $ale023$b01-01-96$cm$da $e-$fita$git $h3$i1